000 00298nam a22001337a 4500
008 180920b xxu||||| |||| 00| 0 eng d
020 _a9780781790130
041 _aeng
080 _26 ED
_a611
100 _a6
101 _aANA
245 _aColor Atlas Of Anatomy
_cRohen Y
942 _2udc
_cBK
999 _c48126
_d48126